World Scramble: Common Theme Quiz Stats

 Plays Quiz not verified by Sporcle

Challenge
Share
Tweet
Embed
Score 0/11 Timer 04:00
0 Plays Today
Scrambled Word(s) % Correct
ysksky
98.6%
tejjet
98.6%
dbirsbirds
95.7%
trpniprint
91.3%
vaddidavid
91.3%
eturtrue
87%
escehecheese
79.7%
tbacolcobalt
75.4%
lviesddevils
69.6%
Common Themeblue
62.3%
soetry ultcoyster cult
47.8%

You're not logged in!

Compare scores with friends on all Sporcle quizzes.
Join for Free
OR
Log In

You Might Also Like...

Show Comments

Extras

Created Mar 15, 2011ReportNominate
Tags:scramble, Word Scramble

Top Quizzes Today


Score Distribution

Your Account Isn't Verified!

In order to create a playlist on Sporcle, you need to verify the email address you used during registration. Go to your Sporcle Settings to finish the process.

Report this User

Report this user for behavior that violates our Community Guidelines.

Details: